000 00207nam a2200097Ia 4500
008 190216s9999||||xx |||||||||||||| ||und||
100 _aParappurath
245 0 _aOmana
260 _bCurrent Books
942 _cBK
999 _c23698
_d23698